Emergentné objekty – Ekologické, generované nábytkové objekty

Salvato in:
Dettagli Bibliografici
Autore principale: Zolnianska, Laura (Autore)
Altri autori: Uhrík, Martin (Relatore della tesi)
Natura: Manoscritto Libro
Lingua:slovacco
Pubblicazione: 2024
Soggetti:
Accesso online:http://is.stuba.sk/zp/portal_zp.pl?podrobnosti=162173
Tags: Aggiungi Tag
Nessun Tag, puoi essere il primo ad aggiungerne!!

MARC

LEADER 00000ntm a22000003a 4500
001 stuzp98762
003 SK-STU
005 20240615211204.6
007 ta
008 150427s2015----xo-----f-mn---000-0-slo-d
040 |a STU  |b slo 
041 0 |a slo 
100 1 |a Zolnianska, Laura  |u 052120  |4 aut  |U FAD Fakulta architektúry a dizajnu  |T FAD Ústav ekologickej a experimentálnej architektúry  |X 110407  |U A2120  |Y 393  |7 110407 
242 0 1 |a Emergent objects – Ecological, generated furniture objects  |y eng 
245 1 0 |a Emergentné objekty – Ekologické, generované nábytkové objekty 
260 |c 2024 
650 4 |a mycélium  |2 slo 
650 4 |a objektil  |2 slo 
650 4 |a generatívny dizajn  |2 slo 
650 4 |a meditácia  |2 slo 
650 4 |a včely  |2 slo 
650 4 |a biofília  |2 slo 
650 4 |a biophilia  |2 eng 
650 4 |a generative design  |2 eng 
650 4 |a objectile  |2 eng 
650 4 |a wellbeing  |2 eng 
650 4 |a bees  |2 eng 
650 4 |a mycelium  |2 eng 
700 1 |a Uhrík, Martin  |u 052120  |k Z1  |4 ths  |U FAD Fakulta architektúry a dizajnu  |T FAD Ústav ekologickej a experimentálnej architektúry  |X 3746  |U A2120  |Y 393  |7 A000003746 
856 4 |u http://is.stuba.sk/zp/portal_zp.pl?podrobnosti=162173